000 00327nam a2200145 a 4500
005 20260322212045.0
008 data
092 _a252
100 1 _aPat Benatar
245 1 0 _aGreatest hits
_cPat Benatar.
260 _aHollywood, CA
_bCapitol Records
_c2005
650 0 _aRock music
650 0 _aAlternative rock music
001 data
999 _c1071
_d1071